[Event "Cagliari Alfa Lum op 3rd"]
[Site "Cagliari"]
[Date "2012.08.31"]
[Round "2"]
[White "Corona, Danilo"]
[Black "Carucci, Bruno"]
[Result "1-0"]
[WhiteElo "1711"]
[BlackElo "1509"]
[PlyCount "101"]
[EventDate "2012.08.31"]
[EventType "swiss"]
[EventRounds "6"]
[EventCountry "ITA"]
[SourceTitle "EXT 2014"]
[Source "ChessBase"]
[SourceDate "2013.11.20"]
[SourceVersion "1"]
[SourceVersionDate "2013.11.20"]
[SourceQuality "1"]

1. e4 Nf6 2. e5 Nd5 3. c4 Nb6 4. c5 Nd5 5. Nc3 e6 6. d4 c6 7. Nf3 b6 8. Nxd5 cxd5 9. Bg5 Be7 10. Bxe7 Qxe7 11. cxb6 Qb4+ 12. Qd2 Qxd2+ 13. Kxd2 axb6 14. Bd3 Ba6 15. Rhc1 Nc6 16. a3 Bxd3 17. Kxd3 0-0 18. Rc3 Rfc8 19. Rac1 Ne7 20. Ng1 Rc6 21. Ne2 Rac8 22. Kd2 b5 23. Rb3 Rxc1 24. Nxc1 Rb8 25. Nd3 Nc6 26. Ke3 Na5 27. Rc3 Nc4+ 28. Ke2 d6 29. exd6 Nxd6 30. Rb3 Nf5 31. Rb4 Nd6 32. Nc5 Re8 33. a4 bxa4 34. Nxa4 h6 35. Kd3 Ne4 36. f3 Nd6 37. b3 f6 38. Nc5 e5 39. dxe5 fxe5 40. Rb6 e4+ 41. fxe4 dxe4+ 42. Ke3 Nf5+ 43. Kf4 e3 44. Kxf5 e2 45. Nd3 Rf8+ 46. Kg4 Rf1 47. Re6 Kh7 48. Rxe2 Kg6 49. b4 Rf5 50. Re6+ Rf6 51. Rxf6+ 1-0

[Event "Cagliari Coppa 31st"]
[Site "Cagliari"]
[Date "2006.04.02"]
[Round "7"]
[White "Corona, Danilo"]
[Black "Collu, Giuseppe"]
[Result "1-0"]
[WhiteElo "1732"]
[BlackElo "1832"]
[PlyCount "85"]
[EventDate "2006.03.25"]
[EventType "swiss"]
[EventRounds "7"]
[EventCountry "ITA"]
[SourceTitle "EXT 2024"]
[Source "ChessBase"]
[SourceDate "2023.10.10"]
[SourceVersion "1"]
[SourceVersionDate "2023.10.10"]
[SourceQuality "1"]

1. e4 e5 2. Nf3 Nc6 3. Bc4 Bc5 4. c3 Nf6 5. d4 exd4 6. cxd4 Bb4+ 7. Bd2 Bxd2+ 8. Nbxd2 d5 9. exd5 Nxd5 10. 0-0 0-0 11. Re1 Nb6 12. d5 Nxd5 13. Ne4 Nce7 14. Qb3 c6 15. Rad1 Qb6 16. Qc2 Bf5 17. Nh4 Bxe4 18. Qxe4 Rad8 19. Bd3 Ng6 20. Qg4 Nf6 21. Qg3 Nxh4 22. Qxh4 Qxb2 23. Bxh7+ Nxh7 24. Rxd8 Rxd8 25. Qxd8+ Nf8 26. Qe7 a5 27. Qe2 Qb4 28. Rd1 Ne6 29. h3 a4 30. Qf3 c5 31. Rd7 Qe1+ 32. Kh2 Qe5+ 33. g3 Qf6 34. Qxf6 gxf6 35. Rxb7 f5 36. f4 Kg7 37. Kg2 Kf6 38. Ra7 Nd4 39. Rxa4 Ke6 40. h4 Kd5 41. h5 c4 42. Ra5+ Ke4 43. h6 1-0

[Event "Cagliari Coppa 31st"]
[Site "Cagliari"]
[Date "2006.04.02"]
[Round "6"]
[White "Pes, Francesco"]
[Black "Corona, Danilo"]
[Result "1/2-1/2"]
[WhiteElo "1802"]
[BlackElo "1732"]
[PlyCount "66"]
[EventDate "2006.03.25"]
[EventType "swiss"]
[EventRounds "7"]
[EventCountry "ITA"]
[SourceTitle "EXT 2024"]
[Source "ChessBase"]
[SourceDate "2023.10.10"]
[SourceVersion "1"]
[SourceVersionDate "2023.10.10"]
[SourceQuality "1"]

1. d4 d5 2. c4 e6 3. Nc3 Nf6 4. Bf4 Bd6 5. Bxd6 Qxd6 6. e3 c6 7. Nf3 Nbd7 8. cxd5 exd5 9. Bd3 0-0 10. 0-0 Re8 11. Qc2 h6 12. Rfe1 a6 13. e4 dxe4 14. Nxe4 Nxe4 15. Bxe4 Nf6 16. Bh7+ Kh8 17. Rxe8+ Nxe8 18. Bd3 Nf6 19. Qc5 Qxc5 20. dxc5 Be6 21. Ne5 Rd8 22. Bc4 Nd5 23. Rd1 Kg8 24. f3 Kf8 25. Kf2 Ke8 26. a3 f6 27. Ng4 Ke7 28. Re1 Nc7 29. Bxe6 Nxe6 30. b4 Rd2+ 31. Re2 Rxe2+ 32. Kxe2 Nf4+ 33. Kf2 Ke6 1/2-1/2

[Event "Cagliari Coppa 31st"]
[Site "Cagliari"]
[Date "2006.04.01"]
[Round "4"]
[White "Corona, Danilo"]
[Black "Lai, Luca"]
[Result "1-0"]
[WhiteElo "1732"]
[BlackElo "1829"]
[PlyCount "63"]
[EventDate "2006.03.25"]
[EventType "swiss"]
[EventRounds "7"]
[EventCountry "ITA"]
[SourceTitle "EXT 2024"]
[Source "ChessBase"]
[SourceDate "2023.10.10"]
[SourceVersion "1"]
[SourceVersionDate "2023.10.10"]
[SourceQuality "1"]

1. e4 d5 2. exd5 c6 3. d4 cxd5 4. Nf3 Nc6 5. Nc3 f6 6. Bf4 Bg4 7. Be2 h5 8. Nh4 g5 9. Ng6 gxf4 10. Nxh8 Qd7 11. Ng6 Bh6 12. f3 Be6 13. Nh4 0-0-0 14. Na4 Bf7 15. Nc5 Qc7 16. Nf5 Bf8 17. c3 e6 18. Nh4 Nh6 19. Nb3 e5 20. Bd3 e4 21. fxe4 dxe4 22. Be2 Ne5 23. Qc2 Nd3+ 24. Bxd3 exd3 25. Qxd3 Re8+ 26. Kd2 Bc4 27. Qh3+ Ng4 28. Rae1 Re3 29. Rxe3 fxe3+ 30. Kc1 Bd3 31. Qf3 Bh6 32. Nf5 1-0

[Event "Cagliari Province-ch"]
[Site "Sinnai"]
[Date "2001.01.26"]
[Round "4"]
[White "Corona, Danilo"]
[Black "Trincas, Claudio"]
[Result "1/2-1/2"]
[WhiteElo "1566"]
[BlackElo "1603"]
[PlyCount "79"]
[EventDate "2001.01.20"]
[EventType "swiss"]
[EventRounds "7"]
[EventCountry "ITA"]
[SourceTitle "EXT 2023"]
[Source "ChessBase"]
[SourceDate "2022.10.05"]
[SourceVersion "1"]
[SourceVersionDate "2022.10.05"]
[SourceQuality "1"]

1. e4 e5 2. Bc4 Nc6 3. c3 Nf6 4. Qe2 Be7 5. Nf3 a6 6. Bb3 d6 7. d3 b5 8. Nbd2 Na5 9. Bc2 c5 10. Nf1 Nc6 11. Bd2 Qc7 12. Ne3 Be6 13. Ng5 h6 14. Nxe6 fxe6 15. Ng4 0-0-0 16. h3 d5 17. exd5 exd5 18. 0-0-0 d4 19. Nxf6 Bxf6 20. Qg4+ Kb7 21. Rde1 dxc3 22. bxc3 Qa5 23. Qe6 Qc7 24. Re4 Qd7 25. Qb3 Na5 26. Qb1 c4 27. Be3 cxd3 28. Rd1 Qc6 29. Rxd3 Rxd3 30. Bxd3 Qxc3+ 31. Qc2 Qa1+ 32. Qb1 Rc8+ 33. Kd1 Qxb1+ 34. Bxb1 Nc4 35. Bc1 Rd8+ 36. Ke2 Kc6 37. a3 Be7 38. Ba2 Bf6 39. Bxc4 bxc4 40. Rxc4+ 1/2-1/2

[Event "Cagliari Province-ch"]
[Site "Sinnai"]
[Date "2001.01.21"]
[Round "2"]
[White "Corona, Danilo"]
[Black "Monni, Vittorio"]
[Result "0-1"]
[WhiteElo "1566"]
[BlackElo "1729"]
[PlyCount "84"]
[EventDate "2001.01.20"]
[EventType "swiss"]
[EventRounds "7"]
[EventCountry "ITA"]
[SourceTitle "EXT 2023"]
[Source "ChessBase"]
[SourceDate "2022.10.05"]
[SourceVersion "1"]
[SourceVersionDate "2022.10.05"]
[SourceQuality "1"]

1. e4 c5 2. c3 Nf6 3. e5 Nd5 4. d4 e6 5. Nf3 a6 6. a3 b5 7. c4 bxc4 8. Bxc4 Bb7 9. Nc3 Nb6 10. Bd3 Qc7 11. dxc5 Bxc5 12. Ne4 Be7 13. Be3 Nd5 14. Rc1 Nc6 15. Bd2 Rc8 16. b4 Qb8 17. 0-0 Nxe5 18. Rxc8+ Bxc8 19. Nxe5 Qxe5 20. Qc1 Qb8 21. Nc5 0-0 22. Bxa6 Qa7 23. Be2 d6 24. Ne4 Bb7 25. Qb2 Ra8 26. Bc1 Nf6 27. Ng5 h6 28. Nh3 Nd5 29. Qb3 Bf6 30. Qg3 Be5 31. Qh4 Qd4 32. Qxd4 Bxd4 33. Bf3 Kf8 34. Kh1 Ke7 35. Ng1 Bc6 36. Ne2 Bf6 37. Rd1 Rc8 38. Bd2 Bb5 39. Rc1 Rxc1+ 40. Bxc1 Kd7 41. Bxd5 exd5 42. Be3 Bxe2 0-1